000
00302nam a2200121Ia 4500
005
20260326100028.0
008
260326s9999||||xx |||||||||||||| ||und||
100
_a
Dunlop, Beth
245
0
_a
Arts & Crafts Houses 1 /
_c
Beth Dunlop
260
_b
Phaidon
650
_a
ARQUITECTURA RESIDENCIAL
942
_c
BK
999
_c
6487
_d
6487